000
00488nam a2200181Ia 4500
008
100917s9999 xx 000 0 und d
082
_b
30660
100
_a
गोगटे शकुंतला
245
_a
अभिमान
260
_b
प्रपंच प्रकाशन
_c
1970
300
_a
85
365
_b
4
520
_a
कादंबरी
630
_a
अभिमान
650
_a
कादंबरी
730
_a
अभिमान
942
_c
BOOK
999
_c
636054
_d
636051